| 000 | 00515nam a22001937a 4500 | ||
|---|---|---|---|
| 003 | OSt | ||
| 005 | 20180419150451.0 | ||
| 008 | 180419b xxu||||| |||| 00| 0 eng d | ||
| 020 | _a1844070697 | ||
| 040 | _cDDC. | ||
| 082 | _a363.68PAR 2004 | ||
| 100 |
_aEdited by Brian, Child; _912604 |
||
| 245 | _aParks in Transition. | ||
| 260 | _aLondon;Earthscan;2004: | ||
| 300 |
_axviii,267p; _bcol ill; _c24cm |
||
| 504 | _aincludes references and bibliography: | ||
| 650 |
_aTransition. _912605 |
||
| 942 |
_2ddc _cO_SHELF |
||
| 999 |
_c6087 _d6087 |
||